000 00781nam a2200205 a 4500
001 000035214
003 DO-SdBNP
005 20241209093028.0
008 111026s1977 ag 000 0 spa d
040 _aDO-SdBNP
_bspa
_cBNPHU
110 _aNaciones Unidas.
_bComisión Economica para América Latina y el Caribe
_93086
245 1 0 _aEn torno a las ideas de la CEPAL :
_bdesarrollo, industrialización y comercio exterior.
260 _aSantiago de Chile :
_bCEPAL,
_c1977.
300 _a64 p. ;
_c22 cm.
490 1 _aCuadernos de la CEPAL
500 _aIncluye referencias bibliográficas y notas al pie de las páginas
710 _aNaciones Unidas.
_bComisión Economica para América Latina y el Caribe
_93086
830 0 _aCuadernos de la CEPAL
_93079
942 _2ddc
_cLBS1
999 _c34705
_d34705